| 000 | 00671nam a2200205 a 4500 | ||
|---|---|---|---|
| 008 | 120416s1974 ||||||||||||||||| || u | ||
| 020 | _a0256015546 | ||
| 050 | _aHG 4515 Smi | ||
| 100 | _aSmith, Keith V | ||
| 245 | 1 | 0 | _aEssentials of investing |
| 260 |
_aHomewood _bR. D. Irwin _c1974 |
||
| 300 | _axvi, 570 p. illus. | ||
| 350 | _a0.00 | ||
| 490 | _aThe Irwin series in finance | ||
| 500 | _aBibliography | ||
| 650 | _aINVESTMENTS | ||
| 650 | _aSECURITIES--ZAMBIA | ||
| 700 | _aEiteman, David K | ||
| 995 |
_D0.00 _FCBU-MAIN LIBRARY (Kitwe) _H1 _I11.70 _M1 _UDAMAGED _WApr 27, 2006 _ZMain Library Open Access Collection |
||
| 999 |
_c42441 _d42441 |
||